| 000 | 00650nam a2200181Ia 4500 | ||
|---|---|---|---|
| 008 | 090124s9999 xx 000 0 und d | ||
| 082 |
_b9504 _a810 |
||
| 100 | _aअभिराग ( भिडे रामकृष्ण गोपाळ ) | ||
| 245 | _a चक्रवती अशोक | ||
| 250 | _a1 | ||
| 260 | _c1957 | ||
| 300 | _a72 | ||
| 600 | _aअभिराग ( भिडे रामकृष्ण गोपाळ ) | ||
| 630 | _a चक्रवती अशोक | ||
| 700 | _aअभिराग ( भिडे रामकृष्ण गोपाळ ) | ||
| 730 | _a चक्रवती अशोक | ||
| 942 | _cBOOK | ||
| 999 |
_c123558 _d123558 |
||